Val-de-Marne ou Val-d'Oise ? - Statistiques

Statistiques générales
  • Ce quiz a été pris 174 fois
  • Le résultat moyen est 28 sur 40
Statistiques - réponses
Hint Réponse % Correct
Le marché de Rungis s'y trouve Val-de-Marne
94%
Porte le numéro 94 Val-de-Marne
94%
Il est situé au nord de l'Ile-de-France Val-d'Oise
93%
La ville la plus peuplée est Vitry-sur-Seine Val-de-Marne
92%
A pour préfecture Créteil Val-de-Marne
91%
La ville la plus peuplée est Argenteuil Val-d'Oise
91%
Il est situé au sud de Paris Val-de-Marne
90%
On peut y visiter le château de Vincennes Val-de-Marne
90%
L'Epte forme sa frontière historique avec la Normandie Val-d'Oise
89%
Porte le numéro 95 Val-d'Oise
86%
Joinville-le-Pont, chanté par Bourvil, s'y trouve Val-de-Marne
85%
A sa préfecture à Cergy-Pontoise Val-d'Oise
85%
Ses sous-préfectures sont L'Haÿ-les-Roses et Nogent-sur-Marne Val-de-Marne
84%
Le Vexin français s'y trouve Val-d'Oise
84%
Ses sous-préfectures sont Argenteuil et Sarcelles Val-d'Oise
84%
On peut y voir l'abbaye de Royaumont Val-d'Oise
80%
Montmorency en a été sous-préfecture Val-d'Oise
80%
Il abrite le 2e aéroport de Paris Val-de-Marne
72%
Son plus grand plan d'eau est situé dans sa préfecture Val-de-Marne
68%
Le peintre Georges Braque y est né Val-d'Oise
68%
On voit un aiglon sur son blason Val-d'Oise
67%
La rivière qui lui a donné son nom prend sa source en Belgique Val-d'Oise
67%
Il abrite le 1er aéroport d'Europe continentale Val-d'Oise
67%
La rivière qui lui a donné son nom prend sa source sur le plateau de Langres Val-de-Marne
66%
En 2022, il a connu 2184 heures d'ensoleillement Val-de-Marne
64%
Le festival Les Carrières St Roch s'y déroule en août Val-d'Oise
63%
Compte 1 407 972 habitants en 2020 Val-de-Marne
62%
On peut y visiter une roseraie créée en 1894 Val-de-Marne
60%
En 2022, il a connu 2147 heures d'ensoleillement Val-d'Oise
60%
On peut y visiter le musée de la Renaissance Val-d'Oise
60%
C'est le département des guinguettes Val-de-Marne
57%
Sa forme évoque un poisson Val-d'Oise
57%
Il y existe un site de 10000 m2 consacré à l'art contemporain Val-de-Marne
52%
Il culmine à 154 mètres Val-d'Oise
52%
Alain Poher en a été sénateur Val-de-Marne
51%
Compte 1 251 804 habitants en 2020 Val-d'Oise
49%
Robert Hue en a été sénateur Val-d'Oise
48%
Le festival Le Vivier s'y déroule en avril Val-de-Marne
41%
Sheila y est née Val-de-Marne
38%
Il culmine à 110 mètres Val-de-Marne
37%
Aucun quiz correspondant
Distribution des résultats
% des personnes avec chaque résultat
Percentile par nombre de réponses
Votre historique - résultats
Vous n’avez pas pris ce quiz